|
|
|
|
| LEADER |
00932nam a2200241 i 4500 |
| 001 |
c000253609 |
| 003 |
CARM |
| 005 |
00000000000000.0 |
| 008 |
840814s1967 nyu 0 eng d |
| 019 |
1 |
|
|a 9247065
|z 658847
|z 3983565
|5 LACONCORD2021
|
| 035 |
|
|
|a (OCoLC)234014
|5 LACONCORD2021
|
| 082 |
0 |
4 |
|a 331.624073
|
| 100 |
1 |
|
|a Erickson, Charlotte,
|d 1923-
|
| 245 |
1 |
0 |
|a American industry and the European immigrant, 1860-1885.
|
| 260 |
|
|
|a New York :
|b Russell & Russell,
|c [1967, c1957].
|
| 300 |
|
|
|a 269 p.
|
| 440 |
|
0 |
|a Studies in economic history
|
| 650 |
|
0 |
|a Working class
|z United States.
|
| 650 |
|
0 |
|a Contract labor
|z United States.
|
| 651 |
|
0 |
|a United States
|x Emigration and immigration.
|
| 852 |
8 |
|
|b CARM
|h A1:AQ03A0
|i B07158
|p 0361366
|f BK
|
| 999 |
f |
f |
|i 5a2e77df-3ca4-5b64-973f-6b24b2be3185
|s fb511dd0-4aed-520b-9adf-e068d51babd1
|
| 952 |
f |
f |
|p Can circulate
|a CAVAL
|b CAVAL
|c CAVAL
|d CARM 1 Store
|e B07158
|f A1:AQ03A0
|h Other scheme
|i book
|m 0361366
|